| 000 | 00415nam a2200145Ia 4500 | ||
|---|---|---|---|
| 008 | 211109s9999||||xx |||||||||||||| ||und|| | ||
| 082 |
_a894.812 _bKUM-K |
||
| 100 | _aKumaranasan Smaraka Samithi, | ||
| 245 | 0 | _aKumaranasaneppatti | |
| 260 |
_bNational Book Stall _a1968 |
||
| 300 | _a166p | ||
| 630 | _xGeneral Stack | ||
| 650 |
_aLITERATURE & RHETORIC _vMALAYALAM LITERATUREMALAYALAM _xMalayalam |
||
| 942 | _cBOOK | ||
| 999 |
_c31877 _d31877 |
||